<?xml version="1.0" encoding="UTF-8"?>
<record
    xmlns:xsi="http://www.w3.org/2001/XMLSchema-instance"
    xsi:schemaLocation="http://www.loc.gov/MARC21/slim http://www.loc.gov/standards/marcxml/schema/MARC21slim.xsd"
    xmlns="http://www.loc.gov/MARC21/slim">

  <leader>00308nam a2200133Ia 4500</leader>
  <controlfield tag="005">20251013221652.0</controlfield>
  <controlfield tag="008">251010s9999    xx            000 0 und d</controlfield>
  <datafield tag="041" ind1=" " ind2=" ">
    <subfield code="a">eng</subfield>
  </datafield>
  <datafield tag="100" ind1=" " ind2=" ">
    <subfield code="a">Hardy, Thomas</subfield>
    <subfield code="9">214388</subfield>
  </datafield>
  <datafield tag="245" ind1=" " ind2=" ">
    <subfield code="a">Far From The Madding Crowd</subfield>
  </datafield>
  <datafield tag="250" ind1=" " ind2=" ">
    <subfield code="a">1ST</subfield>
  </datafield>
  <datafield tag="260" ind1=" " ind2=" ">
    <subfield code="b">UBSBD</subfield>
    <subfield code="c">1996</subfield>
  </datafield>
  <datafield tag="300" ind1=" " ind2=" ">
    <subfield code="a">458</subfield>
  </datafield>
  <datafield tag="999" ind1=" " ind2=" ">
    <subfield code="c">368670</subfield>
    <subfield code="d">368670</subfield>
  </datafield>
  <datafield tag="952" ind1=" " ind2=" ">
    <subfield code="0">0</subfield>
    <subfield code="1">0</subfield>
    <subfield code="4">0</subfield>
    <subfield code="7">0</subfield>
    <subfield code="a">SSMM</subfield>
    <subfield code="b">SSMM</subfield>
    <subfield code="d">2014-05-13</subfield>
    <subfield code="g">40.00</subfield>
    <subfield code="i">3837</subfield>
    <subfield code="l">0</subfield>
    <subfield code="p">SSMM-ABK-010000674</subfield>
    <subfield code="r">2025-10-13 22:16:52</subfield>
    <subfield code="w">1996-02-24</subfield>
    <subfield code="y">BK</subfield>
    <subfield code="z">ABK010000674</subfield>
  </datafield>
</record>
